| 000 | 01074cam a2200157 4500500 | ||
|---|---|---|---|
| 005 | 20251228045848.0 | ||
| 041 | _afre | ||
| 042 | _adc | ||
| 100 | 1 | 0 |
_aÉmangard, Pierre-Henri _eauthor |
| 245 | 0 | 0 | _aDu tramway au tramway : l’histoire de Dijon, Reims, Angers et Le Havre en quatre livres |
| 260 | _c2015. | ||
| 500 | _a78 | ||
| 520 | _aLe modèle MobiSim a testé le lien entre la modification de l’offre de transport et l’exposition au bruit dans ses dimensions spatiales et temporelles, le test étant appliqué à l’agglomération de Besançon. C’est la désynchronisation des activités, le report modal et les changements dans les grilles horaires des transports collectifs qui produisent des effets réduisant ou bien augmentant l’exposition au bruit selon les lieux et les moments, les populations concernées étant elles-mêmes socialement diversifiées. | ||
| 786 | 0 | _nTransports urbains | 126 | 1 | 2015-05-04 | p. 21-27 | 0397-6521 | |
| 856 | 4 | 1 | _uhttps://stm.cairn.info/revue-transports-urbains-2015-1-page-21?lang=fr&redirect-ssocas=7080 |
| 999 |
_c1579387 _d1579387 |
||